|
|
|
|
| LEADER |
00924nam a22001457a 4500 |
| 082 |
|
|
|a 352.750 954 83
|b CEN N91
|
| 245 |
|
|
|a Census of India 1991 :
|b tables on houses and household amenities.
|
| 260 |
|
|
|a Thiruvananthapuram :
|b Directorate of Census Operations,
|c 1981.
|
| 500 |
|
|
|a Part II tables on houses and household amenities. Primary census abstract Part II B Final population tables
|
| 650 |
|
|
|a Census report
|z Kerala
|
| 942 |
|
|
|c BK
|
| 999 |
|
|
|c 101780
|d 101780
|
| 952 |
|
|
|0 0
|1 0
|4 0
|6 352_750000000000000_954_83_CEN91
|7 0
|9 95438
|a SSS
|b SSS
|c CEN
|d 2012-11-09
|l 0
|o 352.750 954 83 CEN91
|p SSSMK1750
|r 2012-11-09
|w 2016-10-27
|y REF
|
| 952 |
|
|
|0 0
|1 0
|4 0
|6 352_750000000000000_954_83_CEN91
|7 0
|9 95439
|a SSS
|b SSS
|c CEN
|d 2012-11-09
|l 0
|o 352.750 954 83 CEN91
|p SSSMK1752
|r 2012-11-09
|w 2016-10-27
|y REF
|
| 952 |
|
|
|0 0
|1 0
|4 0
|6 352_750000000000000_954_83_CEN91
|7 0
|9 95440
|a SSS
|b SSS
|c CEN
|d 2012-11-09
|l 0
|o 352.750 954 83 CEN91
|p SSSMK1745
|r 2012-11-09
|w 2016-10-27
|y REF
|